El libro de Margarita (Record no. 60)
[ view plain ]
| 000 -LEADER | |
|---|---|
| campo de control de longitud fija | 00567 a2200157 4500 |
| 082 ## - NÚMERO DE LA CLASIFICACIÓN DECIMAL DEWEY | |
| Número de clasificación | 861.728.1 |
| Número de ítem | AZ997l |
| 100 ## - ENTRADA PRINCIPAL--NOMBRE DE PERSONA | |
| Nombre de persona | Azurdia. Margarita |
| 9 (RLIN) | 273 |
| 245 ## - MENCIÓN DEL TÍTULO | |
| Título | El libro de Margarita |
| 250 ## - MENCION DE EDICION | |
| Mención de edición | 2 edicion |
| 260 ## - PUBLICACIÓN, DISTRIBUCIÓN, ETC. | |
| Lugar de publicación, distribución, etc. | Guatemala |
| Nombre del editor, distribuidor, etc. | Espacio Ediciones S. A. |
| Fecha de publicación, distribución, etc. | 1992 |
| 300 ## - DESCRIPCIÓN FÍSICA | |
| Extensión | 94 p. |
| Otras características físicas | ill (a color) |
| Dimensiones | 17.5 cm |
| 505 ## - NOTA DE CONTENIDO CON FORMATO | |
| Título | Prologo |
| -- | El Cuento de Una Soledad |
| -- | 27 Apuntes de Margarita Rita Rica Dinamita |
| -- | 24 Anotaciones |
| -- | El Cuento de Clara Luz |
| -- | Y otros poemas |
| 650 ## - PUNTO DE ACCESO ADICIONAL DE MATERIA--TÉRMINO DE MATERIA | |
| Término de materia o nombre geográfico como elemento de entrada | Poesia |
| Subdivisión general | Poesia-Guatemala |
| -- | Margarita Azurdia |
| 9 (RLIN) | 274 |
| 690 ## - PUNTO DE ACCESO ADICIONAL DE MATERIA LOCAL--TÉRMINO DE MATERIA (OCLC, RLIN) | |
| Término de materia o nombre geográfico como elemento inicial | Poesia |
| 700 ## - ENTRADA AGREGADA--NOMBRE PERSONAL | |
| Nombre de persona | Margarita Azurdia |
| 9 (RLIN) | 275 |
| Estatus retirado | Estado de pérdida | Fuente del sistema de clasificación o colocación | Estado de daño | No para préstamo | Biblioteca de origen | Biblioteca actual | Ubicación en estantería | Fecha de adquisición | Total de préstamos | Signatura topográfica completa | Código de barras | Visto por última vez | Precio de reemplazo | Tipo de ítem Koha |
|---|---|---|---|---|---|---|---|---|---|---|---|---|---|---|
| Clasificación Decimal Dewey | Biblioteca LadoV | Biblioteca LadoV | 09/04/2014 | 861.728.1 AZ997l | 000022 | 09/04/2014 | 09/04/2014 | Material 01 | ||||||
| Clasificación Decimal Dewey | Biblioteca LadoV | Biblioteca LadoV | 27/09/2018 | 861.728.1 AZ997l | 004558 | 27/09/2018 | 27/09/2018 | Material 01 |
